00551cam a22001217a 4500008004000000082002000040245013900060260005400199300001100253700005300264999001900317952009300336180718b1982 xxu||||| |||| 00| 0 eng d aI5135x5451 AR/T aTwenty point programme: organisation and management systems framework for reformscby Administrative Reforms Committee, Andhra Pradesh aHyderabadbAdministrative Reforms Committeec1982 a193+p. aAndhra Pradesh. Administrative Reforms Committee c488443d488443 00104070aIIPAbIIPAd2018-08-04oI5135x5451 AR/TpGG20258r2018-08-04w2018-08-04yGG